Biblioteca

En memoria de Marcelo Ortíz (Registro nro. 58870)

Detalles MARC
000 -LÍDER
Campo fijo de descripción fija 00873cab a2200241 i 4500
001 - NÚMERO DE CONTROL
Campo de control 768714001
003 - IDENTIFICADOR DEL NÚMERO DE CONTROL
Campo de control CO-MdFUSB
005 - FECHA Y HORA DE LA ULTIMA TRANSACCIÓN
control field 20250718163825.0
008 - ELEMENTOS DE LONGITUD FIJA -- INFORMACIÓN GENERAL
Campo fijo de descripción fija -- Información general 170519s1998 cr ||||| |||| 00| 0spa d
022 ## - NÚMERO INTERNACIONAL NORMALIZADO PARA PUBLICACIONES SERIADAS
Número Internacional Normalizado para Publicaciones Seriadas 1409-1968
040 ## - FUENTE DE CATALOGACIÓN
Agencia Catalogadora CO-MdFUSB
Idioma de catalogación spa
Agencia que realiza la transcripción CO-MdFUSB
Agencia que realiza la modificación CO-MdFUSB
041 ## - CÓDIGO DE IDIOMA
Código de idioma para texto/pista de sonido o título separado spa
100 1# - ASIENTO PRINCIPAL--NOMBRE PERSONAL
Nombre personal Palau, Luis (1934-)
Término relacionador autor
245 10 - TÍTULO
Título En memoria de Marcelo Ortíz
Mención de responsabilidad / Luis Palau
246 ## - FORMA VARIANTE DEL TITULO
Título propiamente dicho/forma breve del título Recordando a Marcelino Ortiz
300 ## - DESCRIPCIÓN FÍSICA
Extensión Volumen 15, número 4 (julio - septiembre, 1998), páginas: 14-15
Dimensiones ; 27 cm
520 ## - NOTA DE RESUMEN, ETC.
Nota de sumario, etc. Marcelino fue uno de los hombres valientes de nuestro continente, al frente de una iglesia con un crecimiento increíble.
600 ## - PUNTO DE ACCESO ADICIONAL DE MATERIA - NOMBRE DE PERSONA
Subdivisión cronológica
653 ## - TÉRMINO DE INDIZACIÓN - NO CONTROLADO
Término no controlado Memorias
773 0# - ASIENTO DE ITEM FUENTE
Título Apuntes Pastorales
Biblionumber 49442
Itemnumber 60168
Parte(s) relacionada(s) / Volumen., número. (mes año), páginas Volumen 15, número 4 (julio - septiembre, 1998), páginas: 14-15
Enumeración y primera página página: 14
942 ## - TIPO DE MATERIAL (KOHA)
Tipo de Item KOHA Artículos de Revista
945 ## - INFORMACIÓN LOCAL DEL REGISTRO
Catalogador JTF-925

No hay ítems disponibles.

Biblioteca FUSBC | Teléfono: (57+4) 349 88 10 Ext. 141| WhatsApp (+57) 3005338115 
E-mail: biblioteca@unisbc.edu.co | Calle 76 87-14 Robledo Palenque, Medellín, Colombia

Con tecnología Koha